| 000 | 00894nam a22002297a 4500 | ||
|---|---|---|---|
| 999 |
_c18027 _d18027 |
||
| 003 | OSt | ||
| 005 | 20231026172936.0 | ||
| 008 | 230325b ||||| |||| 00| 0 eng d | ||
| 040 | _c0 | ||
| 082 | _aDPer 647.94068 In821 2020 v21 no. 1-4 | ||
| 100 |
_aLiu, Chyong-Ru. _eauthor. _948232 |
||
| 245 |
_aGeneration Y's revisit intention and price premium for lifestyle hotels : _bbrand love as the mediator/ _cChyong-Ru Liu, Tsui-Hua Chiu, Yao-Chin Wang, and Wen-Shiung Huang |
||
| 260 |
_aUnited Kingdom : _bTaylor & Francis Group, _cJuly-September 2020. |
||
| 300 | _aVolume 21, pages 242-264 illustration. | ||
| 650 |
_aLifestyles. _948233 |
||
| 650 |
_aHotels and motels _948234 |
||
| 700 |
_aLiu, Chyong-Ru. _eauthor. _948232 |
||
| 700 |
_aChiu, Tsui-Hua. _eauthor. _948235 |
||
| 700 |
_aWang, Yao-Chin. _eauthor. _948236 |
||
| 700 |
_aHuang, Wen-Shiung. _eauthor. _948237 |
||
| 942 |
_2ddc _cPER |
||